Byzantine Museum
Saved in:
| Main Author: | |
|---|---|
| Format: | Book |
| Language: | English |
| Published: |
Athens :
Ekdotike Athenon,
1986
|
| Series: | Greek museums
|
| Subjects: | |
| Tags: |
Add Tag
No Tags, Be the first to tag this record!
|
MARC
| LEADER | 00000cam a2200000 i 4500 | ||
|---|---|---|---|
| 001 | 1/75229 | ||
| 008 | 971030s1986 eng d | ||
| 035 | |a 1992 |b 3 |c Ανθουλιάς |l 10032070 | ||
| 040 | |a GR-MY-UA |b gre |e aacr | ||
| 041 | 0 | |a eng | |
| 082 | 0 | |a 708.9495 | |
| 100 | 1 | |a Χατζηδάκης, Μανώλης. | |
| 245 | 1 | 0 | |a Byzantine Museum / |c Manolis Chatzidakis |
| 260 | |a Athens : |b Ekdotike Athenon, |c 1986 | ||
| 300 | |a 44 p. | ||
| 490 | 1 | |a Greek museums | |
| 610 | 2 | 0 | |a Βυζαντινό & Χριστιανικό Μουσείο (Αθήνα, Ελλάς) |
| 650 | 0 | |a Icons, Byzantine |z Greece |z Athens. | |
| 650 | 0 | |a Byzantine antiquities. | |
| 650 | 0 | |a Art, Byzantine |x Exhibitions. | |
| 650 | 0 | 0 | |a Museums |z Greece |z Athens. |
| 830 | 0 | |a Greek museums | |
| 852 | |a INST |b RHODES |e 19971030 |h 708.9495 ΧΑΤ |p 005400009684 |q 005400009684 |t REF |y 23 | ||
| 909 | |a Ρ |b 024348 | ||